| 000 | 00902nam a22002417a 4500 | ||
|---|---|---|---|
| 005 | 20090912161938.0 | ||
| 008 | 090912t xxu||||| |||| 00| 0 eng d | ||
| 010 | _aB-358112 | ||
| 020 | _c150.00 | ||
| 035 | _aB-358112 | ||
| 037 | _bDBAD / PUB | ||
| 040 |
_adpl _bEnglish |
||
| 082 | _a238.33 | ||
| 100 | _aPrashar, Sandeep | ||
| 245 |
_aSwami Dayananda Saraswati / _cby Sandeep Prashar; illustrated by Vivek Kaushik |
||
| 260 |
_aDelhi _bNavyug Sahitya _c2007 |
||
| 270 |
_a485-A/3, Bhola Nath Nagar, Shahdra _bDelhi _e110032 |
||
| 300 |
_a112p.: _bill. _c23cm(Hb) |
||
| 650 |
_aDayananda Sarasvati, Swami _d1824-1883 |
||
| 700 | _aKaushik, Vivek | ||
| 942 |
_2ddc _cCH _h238.33 _mPRA |
||
| 999 |
_c30363 _d30363 |
||